000 00541nam a2200169 i 4500
001 28850
003 ES-MaACL
005 20230906153934.0
007 t|
008 030120s1970 sp ||||1| spa d
100 1 _aAzurmendi Dorronsoro, José Manuel.
_924382
245 1 0 _aBensaín /
_cJosé Manuel Azurmendi Dorronsoro.
260 _aSan Sebastián :
_b[Caja de Ahorros Municipal de Izarra],
_c1970.
300 _a103 p., 9 lám ;
_c20 cm.
710 2 _aCaja de Ahorros Municipal de Izarra.
_92297
852 _aES-MaACL
_jC-49570
_bR.75471
999 _c28850
_d28850